| 000 | 00973nmc a2200337 a 4500 | ||
|---|---|---|---|
| 003 | AR-BaBNM | ||
| 005 | 20251128211740.0 | ||
| 008 | 106020s2004 ||||||||||||||000 | spa|| | ||
| 020 | _a84-8063-686-6 | ||
| 040 | _cAR-BaBNM | ||
| 100 | 1 | _aCabrera, Dolors | |
| 245 | 1 | 0 |
_aAlumnado, familias y sistema educativo _blos retos de la institución escolar |
| 250 | _a1ª ed. | ||
| 260 |
_aBarcelona _bOctaedro _c2004 _bFIES |
||
| 300 | 0 | _a125 p. | |
| 490 | 0 |
_aRecursos. La escuela del nuevo siglo _v72 |
|
| 504 | _aContiene referencias bibliográficas | ||
| 650 | 4 | _aORGANIZACION ESCOLAR | |
| 650 | 4 | _aPAPEL DE LA ESCUELA | |
| 650 | 4 | _aRELACION FAMILIA-ESCUELA | |
| 650 | 4 | _aPARTICIPACION DEL ALUMNO | |
| 650 | 4 | _aINFANCIA | |
| 651 | 4 | _aEspaña | |
| 653 | 0 | _aCOMUNIDAD EDUCATIVA | |
| 653 | 0 | _aEDUCACION INICIAL | |
| 653 | 0 | _aGESTION INSTITUCIONAL | |
| 700 | 1 | _aFunes Artiaga, Jaime | |
| 700 | 1 | _aBrullet, Cristina | |
| 942 | _cBK | ||
| 998 | _cme-solo cat | ||
| 999 |
_c20943 _d20943 |
||